Star wars diagramme de Venn planètes #1 - Statistiques

Statistiques générales
  • Ce quiz a été pris 1 361 fois
  • Le résultat moyen est 5 sur 8
Réponses sur la Carte
Les réponses sont colorées sur une échelle allant du rouge au vert en fonction du pourcentage des utilisateurs qui les ont devinées à leur premier essai. Vous pouvez retrouver ces pourcentages ci-dessous.
 
Statistiques - réponses
Réponse % Correct
Jabba le Hutt
75%
Bail Organa
73%
C3PO
70%
Poggle le bref
64%
Jango Fett
63%
Qui Gon Jinn
61%
Lando Calrissian
60%
Boba Fett
58%
Aucun quiz correspondant
Distribution des résultats
% des personnes avec chaque résultat
Percentile par nombre de réponses
Votre historique - résultats
Vous n’avez pas pris ce quiz